LEADER 00539nab a2200145 i 4500 001 000000289026 003 CaOOAMICUS 005 20160520000000.0 008 160520n xx uu u0 0und r 013 $a43570 040 $aSeMil$bita 245 12$aI mass media e l'Islam. - 24 p. - Titolo dalla copertina. - Fascicolo in formato .pdf. 500 $aMaggio 2016. 773 0 $t[2016.$dRoma : CiSCS, copyr. 2016.$w()247972 996 $6245$aI mass media e l'Islam. - 24 p. - Titolo dalla copertina. - Fascicolo in formato .pdf.$9(OLS)http://semarc/title/368473 LEADER 01445nam a2200301 i 4500 001 000000149851 003 CaOOAMICUS 005 20060427000000.0 008 060427s2004 it u000 u ita u 013 $a127183 020 $a88-8257-109-2 040 $aSeMil$bita 100 1 $aComolli, Gian Maria,$c.$0(OLS)http://semarc/name/23792 245 13$aIl Vangelo della cura e della misericordia :$bcommento ai Vangeli domenicali e festivi del ciclo liturgico C /$cGian Maria Comolli ; Presentazione di mons. Italo Monticelli. 260 $aTorino :$bEdizioni Camilliane,$cCopyr. 2004. 300 $a191 p. ;$c21 cm. 490 0 $aSalute e salvezza ;$v22 500 $aDono del card. Dionigi Tettamanzi. 650 4$aLezionario romano festivo - Vangeli - Commenti.$0(OLS)http://semarc/subject/2355 700 1 $aMonticelli, Italo.$0(OLS)http://semarc/name/35350 830 0$aSalute e salvezza ;$v22.$0(OLS)http://semarc/title/20766 850 $aSeMil 852 $aSeMil$W1$xVenegono$y1$m3F III 77$j102038$B102038$CSeMilBibl$Z2$F111778 $81 941 1 $a5 961 $aOmaggio: Tettamanzi Card. Dionigi 996 $6020$a88-8257-109-2$9(OLS)http://semarc/number/139103 996 $6245$aIl Vangelo della cura e della misericordia :$bcommento ai Vangeli domenicali e festivi del ciclo liturgico C$9(OLS)http://semarc/title/219090 996 $6260$aTorino :$bEdizioni Camilliane$9(OLS)http://semarc/publisher/29724